| 000 | 00581nam a22001817a 4500 | ||
|---|---|---|---|
| 003 | UA-OsUOA | ||
| 001 | 11264 | ||
| 007 | ta | ||
| 008 | 20050303b un ||||| |||| 00| 0 ukr d | ||
| 100 | _aИванников В.А. | ||
| 942 | _cSA | ||
| 040 |
_aUA-OsUOA _cUA-OsUOA _dUA-OsUOA |
||
| 245 | _aЗадачи практической психологии в комплексной службе помощи детям | ||
| 300 | _aС.51-55 | ||
| 955 | _a0 | ||
| 773 | 0 |
_w0 _tВопросы психологии _dМ. _d2005 _g№1 |
|
| 650 | 7 |
_aПрактична психологія _2UDC |
|
| 999 |
_c297425 _d297425 |
||